Guess birds by image - Statistics

General Stats
  • This quiz has been taken 16 times
  • The average score is 38 of 85
Answer Stats
Picture Answer % Correct
Ostrich
100%
Flamingo
93%
Peacock
93%
Turkey
93%
Emu
86%
Pelican
86%
Swan
86%
Albatross
79%
Bald eagle
79%
Chicken/Cock
79%
Duck
79%
Emperor penguin
79%
Hummingbird
79%
Kiwi
79%
Pidgeon
79%
Raven
79%
Seagull
79%
Goose
71%
Woodpecker
71%
Cassowary
64%
Dove
64%
Heron
64%
Kingfisher
64%
Pheasant
64%
Puffin
64%
Vulture
64%
Barn owl
57%
Black swan
57%
Macaw
57%
Rhea/Nandu
57%
Snowy owl/White owl/Arctic owl
57%
Stork
57%
Toucan
57%
Blackbird
50%
Roadrunner
50%
Robin
50%
Blue-footed booby
43%
Canada goose
43%
Crow
43%
Golden eagle
43%
Great tit
43%
Grey parrot
43%
Hawk
43%
Magpie
43%
Sparrow
43%
Swallow
43%
Cockatoo
36%
Goldfinch
36%
Osprey/Sea hawk
36%
Quail
36%
Budgerigar/Parakeet
29%
Canary
29%
Cormorant
29%
Crane
29%
Cuckoo
29%
Guineafowl
29%
Hoopoe
29%
Ibis
29%
Kite
29%
Lovebird
29%
Moorhen/Waterhen/Swamp chicken
29%
Owl
29%
Partridge
29%
Peregrine falcon
29%
Tawny owl
29%
Capercaillie
21%
Condor
21%
Hornbill
21%
Secretarybird
21%
Swift
21%
Wren
21%
Bird of paradise
14%
Buzzard
14%
Chaffinch
14%
Coot
14%
Frigatebird
14%
Little owl
14%
Nightingale
14%
Gannet
7%
Marabou
7%
Royal penguin
7%
Thrush
7%
Griffon
0%
Lammergeier/Ossifrage
0%
Magellanic penguin
0%
No matching quizzes found
Score Distribution
Percent of People with Each Score
Percentile by Number Answered
Your Score History
You have not taken this quiz